| 000 | 00902nam a2200241 u 4500 | ||
|---|---|---|---|
| 001 | 61244 | ||
| 005 | 20180714062813.0 | ||
| 008 | 140604s2009 xxc r 000 0 spa d | ||
| 020 | _a978-1-926585-51-2 | ||
| 082 | 0 |
_a371.94 _bGEO |
|
| 100 | 1 |
_aGeorge, Jack E., _eautor |
|
| 245 | 1 | 3 |
_aEl manual del autismo : _binformación fácil de asimilar, visión, perspectivas y estudios de casos de un maestro de educación especial / _cJack E. George. |
| 250 | _aPrimera Edición | ||
| 264 | 1 |
_aColumbia Británica, Canadá : _bBook Publishers, _c2009 |
|
| 300 |
_aix,173 páginas ; _c21 cm. |
||
| 336 |
_atexto _2rdacontent |
||
| 337 |
_asin mediación _2rdamedia |
||
| 338 |
_avolumen _2rdacarrier |
||
| 650 | 1 |
_aNiños autistas _xEducación _zEstados Unidos |
|
| 650 | 1 |
_aAutismo _xEducación especial |
|
| 700 | 1 |
_aRuíz Zavaleta, Edson, _etraductor |
|
| 700 | 1 |
_aPadilla, Mabel, _eeditor |
|
| 999 |
_c61244 _d61244 |
||